LIBRARY & INFORMATION CENTRE, KCAET, TAVANUR

ONLINE PUBLIC ACCESS CATALOGUE (OPAC)

Water hammer : problems and solutions / (Record no. 9310)

MARC details
000 -LEADER
fixed length control field 00410cam a2200157ua 4500
020 ## - INTERNATIONAL STANDARD BOOK NUMBER
ISBN 0 7131 34275
041 ## - LANGUAGE CODE
Language code of text/sound track or separate title eng
082 ## - DEWEY DECIMAL CLASSIFICATION NUMBER
Classification number 620.1064
Item number SHA/WA
100 ## - MAIN ENTRY--AUTHOR NAME
Personal name Shamp, B B .
245 ## - TITLE STATEMENT
Title Water hammer : problems and solutions /
260 ## - PUBLICATION, DISTRIBUTION, ETC. (IMPRINT)
Place of publication London :
Name of publisher Edward Arnold Publications Ltd ,
Year of publication 1981.
300 ## - PHYSICAL DESCRIPTION
Number of Pages 144 ; .
942 ## - ADDED ENTRY ELEMENTS (KOHA)
Koha item type Books
Holdings
Withdrawn status Lost status Damaged status Home library Current library Date acquired Full call number Accession Number Koha item type
      KAUAET KAUAET 07/04/2012 620.1064 18103 Books
free website counter